Statistics for Arctic Monkeys Lyrics - Red Light Indicates Doors Are Secured

Click here to take the quiz!

General Stats

  • This quiz has been taken 45 times
    (33 since last reset)
  • The average score is 220 of 277

Answer Stats

Lyrics% Correct
a
94%
have
94%
I
94%
if
94%
If
94%
in?
94%
in
94%
"No
94%
no,
94%
no
94%
not
94%
six
94%
to
94%
two
94%
we
94%
Well,
94%
we'll
94%
We'll
94%
were
94%
And
89%
and
89%
"Are
89%
are
89%
be
89%
can
89%
didn't
89%
Didn't
89%
do
89%
he
89%
He
89%
it
89%
it,
89%
rude
89%
the
89%
The
89%
two-
89%
Up
89%
up
89%
up,
89%
want
89%
when
89%
with
89%
you?
89%
You
89%
you
89%
belief
83%
But
83%
but
83%
could
83%
doors
83%
dress?
83%
Especially
83%
food
83%
for
83%
gorgeous?
83%
Green,
83%
green
83%
her
83%
indicates
83%
"It's
83%
it's
83%
just
83%
let
83%
light
83%
one
83%
red
83%
said,
83%
secure
83%
see
83%
she
83%
She
83%
told
83%
us
83%
you're
83%
about
78%
aren't
78%
Ask
78%
ask
78%
at
78%
bar
78%
beyond
78%
'Bout
78%
down,
78%
earlier
78%
fifty?
78%
get
78%
gone
78%
had
78%
lad
78%
leave
78%
me
78%
of
78%
only
78%
pound
78%
So
78%
so
78%
talked
78%
taxi
78%
taxi?
78%
that
78%
though
78%
who
78%
yard
78%
actin'
72%
annoyed
72%
backwards
72%
bank
72%
both
72%
boy
72%
calm
72%
comin'
72%
end,
72%
few
72%
going
72%
how
72%
I'll
72%
lads
72%
like
72%
little
72%
mate
72%
next
72%
queue
72%
seem
72%
shoutin'
72%
silly
72%
sketch
72%
temper
72%
temper,
72%
they
72%
thing
72%
Tropical
72%
went
72%
Went
72%
Won't
72%
Came
67%
'Cause
67%
drinkin'
67%
Ice
67%
kind
67%
missed
67%
Oh,
67%
Oh
67%
our
67%
paid
67%
please!"
67%
please"
67%
proper
67%
Reef
67%
shouldn't
67%
side
67%
Smirnoff
67%
street
67%
surrender,
67%
These
67%
they've
67%
Think
67%
this
67%
We've
67%
already
61%
chance
61%
come
61%
fightin'
61%
funny
61%
Hillsborough,
61%
I'm
61%
men
61%
retreat"
61%
sitting,
61%
some
61%
squarin'
61%
Via
61%
wanted
61%
was
61%
High
56%
rank?
56%
showin'
56%
that'd
56%
wanna
56%
would
56%
jump
50%
sure?"
50%
around,
44%
his
44%
near
44%
why
44%
Drunken
17%
hatched
17%
plots
17%

Score Distribution

Percentile by Number Answered

Percent of People with Each Score

Your Score History

You have not taken this quiz since the last reset